00536cam a2200181u 4500001001300000003000400013005001700017008004100034010001700075040001900092050001900111100004100130245010500171260002900276300001100305600002100316999001700337unk80009799 DLC20260227112757.0810227s1940 dcu 000 0 eng  aunk80009799  aDLCcCarPdDLC00aCS71.A55b19401 aBattey, George Magruder,d1887-1965.04aThe Andriessen (Andriezon, Anderson) family of East Tennessee, Pennsylvania, Delaware and elsewhere. aWashington, D.C.,c1940. ap. cm.30aAnderson family. c91292d91292